KHL-joukkueet: logovisa - Statistics

Yleistilastot
  • Tätä visaa on pelattu 35 kertaa
  • Keskiarvotulos 15 / 23
Vastaustilastot
Kuvavisa Hint Vastaus % Oikein
Moskova Dinamo Moskova
86%
Jaroslavl Lokomotiv Jaroslavl
83%
Pietari SKA Pietari
83%
Minsk Dinamo Minsk
79%
Tšeljabinsk Traktor Tšeljabinsk
79%
Vladivostok Admiral Vladivostok
76%
Habarovsk Amur Habarovsk
76%
Peking Kunlun Red Star
76%
Toljatti Lada Toljatti
72%
Kazan AK Bars Kazan
69%
Astana Barys Astana
69%
Moskova Spartak Moskova
69%
Ufa Salavat Julajev Ufa
66%
Novosibirsk Sibir Novosibirsk
66%
Moskova TsSKA Moskova
66%
Magnitogorsk Metallurg Magnitogorsk
62%
Sotši HK Sotši
52%
Tšerepovets Severstal Tšerepovets
52%
Nižni Novgorod Torpedo Nižni Novgorod
48%
Omsk Avangard Omsk
45%
Jekaterinburg Avtomobilist Jekaterinburg
34%
Podolsk HK Vitjaz
34%
Nižnekamsk Neftehimik Nižnekamsk
31%
Ehtoja vastaavia visoja ei löytynyt
Tulosjakauma
Jokaisen tuloksen saaneiden osuus
Persentiili vastausten määrän mukaan
Tuloshistoriasi
Et ole pelannut tätä visaa